European Capitals Armageddon! Quiz Stats

 Plays Quiz Updated Sep 9, 2019

Score 0/47 Timer 00:30
458 Plays Today
% Correct
Luxembourg
94.1%
London
93.8%
Brussels
93.8%
Paris
93.8%
Amsterdam
90.9%
Ljubljana
88.2%
San Marino
78.5%
Monaco
78%
Prague
77.4%
Andorra la Vella
76.4%
Dublin
76.2%
Madrid
75.4%
Copenhagen
74.7%
Vatican City
72.5%
Rome
72.5%
Belgrade
72.3%
Skopje
71.2%
Bern
69.3%
Riga
69%
Zagreb
68.4%
Minsk
67.9%
Oslo
67.7%
Bratislava
67.3%
Budapest
67.3%
% Correct
Stockholm
64%
Helsinki
64%
Tallinn
64%
Sarajevo
63.7%
Vienna
63.6%
Berlin
62.6%
Vilnius
60.4%
Moscow
57.4%
Podgorica
56.2%
Sofia
54.6%
Pristina
54.5%
Warsaw
52.2%
Lisbon
50.7%
Tirana
50.3%
Athens
50.2%
Vaduz
48.1%
Bucharest
46.8%
Kyiv
45.9%
Ankara
40.5%
Chisinau
39.3%
Reykjavík
36.5%
Nicosia
19.7%
Valletta
18.5%

You're not logged in!

Compare scores with friends on all Sporcle quizzes.
OR
Log In

Show Comments

Extras

Top Quizzes Today


Score Distribution

Your Account Isn't Verified!

In order to create a playlist on Sporcle, you need to verify the email address you used during registration. Go to your Sporcle Settings to finish the process.

Report this User

Report this user for behavior that violates our Community Guidelines.

Details: